<?xml version="1.0" encoding="UTF-8"?>
<marc:record xmlns:marc="http://www.loc.gov/MARC21/slim">
   <marc:leader>00000nam a2200000 a 4500</marc:leader>
   <marc:datafield ind1=" " ind2=" " tag="653">
      <marc:subfield code="a">Tonie Hörbuch 305</marc:subfield>
   </marc:datafield>
   <marc:datafield ind1="0" ind2="0" tag="245">
      <marc:subfield code="a">Batwheels DC</marc:subfield>
   </marc:datafield>
   <marc:datafield ind1=" " ind2="1" tag="264">
      <marc:subfield code="b">Warner Bros. Entertainment</marc:subfield>
      <marc:subfield code="c">2024</marc:subfield>
   </marc:datafield>
   <marc:datafield ind1="1" ind2=" " tag="520">
      <marc:subfield code="a">Dieser turbogeladene Tonie ist genau das richtige für kleine und große Superhelden!&#xD;
&#xD;
Erlebe mit Bam und seinen Freunden Abenteuer, triff Schurken wie den Joker und sorge dafür, dass Gotham sicher bleibt! Fünf spannende Geschichten warten auf dich. Als Bonus gibt es am Ende noch eine heldenhafte Entspannungsübung.&#xD;
&#xD;
Ab 5 Jahre&#xD;
&#xD;
Titelliste:&#xD;
01 - Intro&#xD;
&#xD;
02 - Auf zum Batmobil!&#xD;
&#xD;
03 - Bam wird verbessert&#xD;
&#xD;
04 - Gestrandet am Straßenrand&#xD;
&#xD;
05 - Bam's klauenhafter Fehler&#xD;
&#xD;
06 - Beste schlechte Freunde&#xD;
&#xD;
07 - Heldenhafte Entspannung</marc:subfield>
   </marc:datafield>
   <marc:datafield ind1="3" ind2=" " tag="024">
      <marc:subfield code="a">4251192144317</marc:subfield>
   </marc:datafield>
   <marc:datafield ind1=" " ind2=" " tag="041">
      <marc:subfield code="a">ger</marc:subfield>
   </marc:datafield>
   <marc:datafield ind1=" " ind2=" " tag="300">
      <marc:subfield code="a">circa 60 Minuten</marc:subfield>
   </marc:datafield>
</marc:record>
